The Literary Remains of Samuel Taylor Coleridge, Volume 2 (Record no. 237833)
[ view plain ]
| 000 -LEADER | |
|---|---|
| fixed length control field | 01773cam a22002653a 4500 |
| 001 - CONTROL NUMBER | |
| control field | 8533 |
| 003 - CONTROL NUMBER IDENTIFIER | |
| control field | PGUSA |
| 005 - DATE AND TIME OF LATEST TRANSACTION | |
| control field | 20140828083201.0 |
| 008 - FIXED-LENGTH DATA ELEMENTS--GENERAL INFORMATION | |
| fixed length control field | 050701s2005||||xxu|||||s|||||000 p eng d |
| 040 ## - CATALOGING SOURCE | |
| Original cataloging agency | PGUSA |
| Language of cataloging | eng |
| 042 ## - AUTHENTICATION CODE | |
| Authentication code | dc |
| 050 #4 - LIBRARY OF CONGRESS CALL NUMBER | |
| Classification number | PR |
| 100 1# - MAIN ENTRY--PERSONAL NAME | |
| Personal name | Coleridge, Samuel Taylor, |
| Dates associated with a name | 1772-1834 |
| 245 14 - TITLE STATEMENT | |
| Title | The Literary Remains of Samuel Taylor Coleridge, Volume 2 |
| Medium | [electronic resource] / |
| Statement of responsibility, etc | Samuel Taylor Coleridge |
| 260 ## - PUBLICATION, DISTRIBUTION, ETC. (IMPRINT) | |
| Name of publisher, distributor, etc | Project Gutenberg, |
| Date of publication, distribution, etc | 2005 |
| 505 0# - FORMATTED CONTENTS NOTE | |
| Formatted contents note | Shakspeare, with introductory matter on poetry, the drama, and the stage -- Notes on Ben Jonson -- Beaumont and Fletcher -- On the Prometheus of Aeschylus -- Note on Chalmer's Life of Daniel -- Bishop Corbet -- Notes on Selden's Table Talk -- Note on theological lectures of Benjamin Wheeler, D. D. -- Note on a sermon on the prevalence of infidelity and enthusiasm, by Walter Birch, B.D. -- Fenelon on charity -- Change of the climates -- Wonderfulness of prose -- Notes on Tom Jones -- Jonathan Wild -- Barry Cornwall -- The primitive Christian's address to the cross -- Fuller's holy state -- Fuller's profane state -- Fuller's appeal of injured innocence -- Fuller's church history -- Asgill's argument -- Introduction to Asgill's defence upon his expulsion from the House of Commons -- Notes on Sir Thomas Browne's Religio Medici -- Notes on Sir Thomas Browne's Garden of Cyrus -- Notes on Sir Thomas Browne's Vulgar errors. |
| 506 ## - RESTRICTIONS ON ACCESS NOTE | |
| Terms governing access | Public domain in the USA. |
| 516 ## - TYPE OF COMPUTER FILE OR DATA NOTE | |
| Type of computer file or data note | Electronic text |
| 653 ## - INDEX TERM--UNCONTROLLED | |
| Uncontrolled term | Literature -- History and criticism |
| 653 ## - INDEX TERM--UNCONTROLLED | |
| Uncontrolled term | Shakespeare, William, 1564-1616 -- Criticism and interpretation |
| 700 1# - ADDED ENTRY--PERSONAL NAME | |
| Personal name | Coleridge, Henry Nelson, |
| Dates associated with a name | 1798-1843 |
| 830 #0 - SERIES ADDED ENTRY--UNIFORM TITLE | |
| Uniform title | Project Gutenberg |
| Volume number/sequential designation | 8533 |
| 856 40 - ELECTRONIC LOCATION AND ACCESS | |
| Uniform Resource Identifier | <a href="http://www.gutenberg.org/ebooks/8533">http://www.gutenberg.org/ebooks/8533</a> |
| 942 ## - ADDED ENTRY ELEMENTS (KOHA) | |
| Koha item type | eBooks |
| Withdrawn status | Lost status | Damaged status | Home library | Current library | Date acquired | Total Checkouts | Date last seen | Price effective from | Koha item type |
|---|---|---|---|---|---|---|---|---|---|
| Project Gutenberg | Project Gutenberg | 08/28/2014 | 08/28/2014 | 08/28/2014 | eBooks |